Text book of estimating costing (Record no. 188774)
[ view plain ]
| 000 -LEADER | |
|---|---|
| fixed length control field | 00406nam a2200133Ia 4500 |
| 008 - FIXED-LENGTH DATA ELEMENTS--GENERAL INFORMATION | |
| fixed length control field | 220217s9999||||xx |||||||||||||| ||und|| |
| 020 ## - INTERNATIONAL STANDARD BOOK NUMBER | |
| International Standard Book Number | 9788121903325 |
| 082 ## - DEWEY DECIMAL CLASSIFICATION NUMBER | |
| Classification number | 692.5 KOH |
| 100 ## - MAIN ENTRY--PERSONAL NAME | |
| Personal name | Kohli, D.D and Kohli, R.C |
| 9 (RLIN) | 10350 |
| 245 #0 - TITLE STATEMENT | |
| Title | Text book of estimating costing |
| 260 ## - PUBLICATION, DISTRIBUTION, ETC. | |
| Place of publication, distribution, etc. | S.Chand and company Ltd. |
| Name of publisher, distributor, etc. | New Delhi |
| Date of publication, distribution, etc. | 2019 |
| 300 ## - PHYSICAL DESCRIPTION | |
| Extent | VIII, 495p. |
| Other physical details | 360 |
| 650 ## - SUBJECT ADDED ENTRY--TOPICAL TERM | |
| Topical term or geographic name entry element | Mechanical Engineering |
| 9 (RLIN) | 13026 |
| Withdrawn status | Lost status | Damaged status | Not for loan | Collection code | Home library | Current library | Date acquired | Total Checkouts | Full call number | Barcode | Date last seen | Date last checked out | Price effective from | Koha item type |
|---|---|---|---|---|---|---|---|---|---|---|---|---|---|---|
| Mechanical Engineering | Central Library | Central Library | 02/18/2022 | 1 | 692.5 KOH | 23963 | 01/13/2023 | 12/12/2022 | 02/18/2022 | Books |